000 00220nam a2200097Ia 4500
008 190216s9999||||xx |||||||||||||| ||und||
100 _aTolstoy
245 0 _aIvan Iliyichinde Maranam
260 _bNull
942 _cBK
999 _c24548
_d24548